000
00352nam a2200133Ia 4500
008
231129s9999||||xx |||||||||||||| ||spa||
020
_a
958-30-0292-5
040
_b
spa
082
_a
Co863 N718ra
100
_a
Niño Jairo Aníbal
245
0
_a
Razzgo Indo y Zaz
264
_a
Panamericana
942
_2
ddc
_c
BKS
999
_c
23743
_d
23743